Estatísticas para Países que contêm uma letra - SS+

Clique aqui para jogar o quiz

Estatísticas Gerais

  • Esse quiz foi jogado 97 vezes
  • A pontuação média é 7 de 14

Estatísticas das Respostas

CategoriaPaís% Correto
3 x SEstados Unidos
82%
2 x SRússia
77%
2 x SEssuatíni
58%
3 x SSão Cristóvão e Nevis
53%
2 x SBielorrússia
51%
3 x SEmirados Árabes Unidos
49%
2 x SSão Vicente e Granadinas
49%
2 x SSudão do Sul
47%
4 x SEstados Federados da Micronésia
46%
2 x SGuiné-Bissau
44%
2 x SIlhas Marshall
44%
2 x SIlhas Salomão
40%
2 x SSeychelles
40%
3 x SPaíses Baixos
25%

Distribuição das Pontuações

Percentil de Números Respondidos

Porcentagem de Pessoas com Cada Pontuação

Sua Pontuação Histórica

Você não jogou esse quiz